[Event "Ogolnopolska Olimpiada Mlodziezy w Sportach Umyslowych - C12"]
[Site "Walbrzych, Zamek Ksiaz"]
[Date "2013-04-18"]
[Round "5.16"]
[White "Ryk, Mikolaj"]
[Black "Blocinski, Maciej"]
[Result "0-1"]
[WhiteTitle "II"]
[BlackTitle "II+"]
[WhiteElo "1555"]
[BlackElo "1444"]

1. c4 Nf6 2. Nc3 e6 3. g3 Be7 4. Bg2 O-O 5. e4 e5 6. Nf3 d6 7. d4 exd4 8. Nxd4
c5 9. Nf3 Bg4 10. e5 Ne8 11. O-O Nc6 12. exd6 Nxd6 13. b3 Bf6 14. Bb2 Nd4 15.
h3 Nxf3+ 16. Bxf3 Bxh3 17. Bg2 Be6 18. Qe2 Re8 19. Qf3 Qc8 20. Rad1 Bg4 21. Qd5
Bxd1 22. Nxd1 Bxb2 23. Nxb2 Qc7 24. Nd3 Rad8 25. Qxc5 Qxc5 26. Nxc5 b6 27. Nb7
Nxb7 28. Bxb7 Re2 29. b4 Rxa2 30. c5 bxc5 31. bxc5 Rc2 32. c6 a5 33. Ra1 Rc5 34.
Kg2 g6 35. Rxa5 Rxa5 36. c7 Rf8 37. c8=Q Rxc8 38. Bxc8 h5 39. Kh3 Kg7 40. Bb7
f5 41. f3 Kf6 42. Bc6 Rc5 43. Be8 Rc2 44. g4 fxg4+ 45. fxg4 Rc3+ 46. Kg2 hxg4
47. Bd7 Kg5 48. Be6 Kf4 0-1

[Event "Ogolnopolska Olimpiada Mlodziezy w Sportach Umyslowych - C12"]
[Site "Walbrzych, Zamek Ksiaz"]
[Date "2013-04-18"]
[Round "5.18"]
[White "Kubiak, Jakub"]
[Black "Polczyk, Mikolaj"]
[Result "1-0"]
[WhiteTitle "II+"]
[BlackTitle "II+"]
[WhiteElo "1492"]
[BlackElo "1515"]

1. e4 d5 2. exd5 Nf6 3. Bb5+ Bd7 4. Be2 Nxd5 5. d4 e6 6. a3 Be7 7. c4 Nb6 8. Nc3
a5 9. Nf3 c5 10. Be3 Na6 11. O-O O-O 12. Ne5 f6 13. Nxd7 Qxd7 14. Ne4 Rac8 15.
dxc5 Nxc5 16. Nxc5 Bxc5 17. Bxc5 Rxc5 18. Qxd7 Nxd7 19. Rad1 Ne5 20. b3 a4 21.
b4 Rc7 22. c5 Nc6 23. Bc4 Kf7 24. Rd6 Re8 25. Re1 Ne5 26. Ba2 g5 27. Red1 Ree7
28. Rd8 Rcd7 29. R8xd7 Nxd7 30. Bc4 f5 31. Bb5 Ne5 32. Bxa4 Nc4 33. Ra1 Kf6 34.
Bb5 Nd2 35. Rd1 Ne4 36. Rd7 Nc3 37. Rxe7 Kxe7 38. Bc4 e5 39. f3 h5 40. Kf2 g4
41. Ke3 f4+ 42. Kd3 Nd1 43. Bd5 g3 44. hxg3 fxg3 45. Bxb7 h4 46. Bc8 Nf2+ 47.
Ke2 Kd8 48. Bf5 Kc7 49. b5 Kb7 50. a4 Ka7 51. a5 Kb7 52. b6 Kb8 53. a6 h3 54.
c6 hxg2 55. c7+ 1-0

[Event "Ogolnopolska Olimpiada Mlodziezy w Sportach Umyslowych - C12"]
[Site "Walbrzych, Zamek Ksiaz"]
[Date "2013-04-18"]
[Round "5.19"]
[White "Kokoszczynski, Jan"]
[Black "Rak, Maciej"]
[Result "1-0"]
[WhiteTitle "II"]
[BlackTitle "III"]
[WhiteElo "1623"]
[BlackElo "1352"]

1. d4 d5 2. c4 e6 3. Nc3 Nf6 4. cxd5 exd5 5. Bg5 c6 6. Qc2 Be7 7. e3 O-O 8. Bd3
Nbd7 9. Nf3 Re8 10. Bf4 g6 11. O-O Nh5 12. Nxd5 Bf8 13. Bc7 cxd5 14. Bxd8 Rxd8
15. Rac1 Bd6 16. Qd2 Nb6 17. h3 f5 18. Ne5 Be6 19. Rc2 Nf6 20. f3 Nh5 21. f4 Bxe5
22. fxe5 Ng3 23. Rfc1 Nc4 24. Qe1 Ne4 25. Bxe4 fxe4 26. b3 Na5 27. Qxa5 1-0

[Event "Ogolnopolska Olimpiada Mlodziezy w Sportach Umyslowych - C12"]
[Site "Walbrzych, Zamek Ksiaz"]
[Date "2013-04-18"]
[Round "5.20"]
[White "Miszkielo, Bartosz"]
[Black "Wierzbicki, Michal"]
[Result "0-1"]
[WhiteTitle "II+"]
[BlackTitle "II"]
[WhiteElo "1656"]
[BlackElo "1405"]

1. e4 g6 2. d4 Bg7 3. Nc3 d6 4. Be3 c6 5. Nf3 Nf6 6. h3 O-O 7. Qd2 b5 8. a3 a6
9. Be2 Bb7 10. Rd1 e6 11. Bh6 Qc7 12. Bxg7 Kxg7 13. e5 dxe5 14. dxe5 Nd5 15. Nxd5
cxd5 16. c3 Nd7 17. Qf4 Rac8 18. h4 h6 19. h5 Rh8 20. hxg6 fxg6 21. Qg3 Rcf8 22.
Bd3 Rxf3 23. Qxg6+ Kf8 24. gxf3 Qxe5+ 25. Kd2 d4 26. Qg3 dxc3+ 27. bxc3 Qd5 28.
Qf4+ Ke8 29. Rxh6 Rxh6 30. Qxh6 Ne5 31. Qh5+ Kf8 32. Qh6+ Ke8 33. Qe3 Nc4+ 0-1

[Event "Ogolnopolska Olimpiada Mlodziezy w Sportach Umyslowych - C12"]
[Site "Walbrzych, Zamek Ksiaz"]
[Date "2013-04-18"]
[Round "5.22"]
[White "Gaj, Szymon"]
[Black "Topolan, Pawel"]
[Result "1/2-1/2"]
[WhiteTitle "II"]
[BlackTitle "II"]
[WhiteElo "1365"]
[BlackElo "1432"]

1. d4 d5 2. c4 Nc6 3. Nf3 Bg4 4. e3 e6 5. cxd5 Qxd5 6. Be2 Nf6 7. O-O Qd7 8. Nc3
Bb4 9. a3 Be7 10. b4 a6 11. Bb2 O-O 12. Na4 b6 13. Rc1 Na7 14. Qc2 Bd6 15. e4
Nxe4 16. Qxe4 Bxf3 17. Bxf3 Qxa4 18. Qxa8 Rxa8 19. Bxa8 a5 20. bxa5 Qxa5 21. Bc6
Nxc6 22. Rxc6 h6 23. g3 Qb5 24. Rc2 Qd3 25. Rfc1 c5 26. dxc5 Bxc5 27. a4 Qb3 28.
a5 bxa5 29. Rxc5 Qxb2 30. R5c2 Qf6 31. Ra2 g6 32. Rxa5 Kg7 33. Rac5 Qd4 34. R5c4
Qd5 35. Rc5 Qd4 36. R5c4 Qd5 37. Rc5 Qd4 38. R5c4 Qd5 1/2-1/2

[Event "Ogolnopolska Olimpiada Mlodziezy w Sportach Umyslowych - C12"]
[Site "Walbrzych, Zamek Ksiaz"]
[Date "2013-04-18"]
[Round "6.1"]
[White "Chylewski, Patryk"]
[Black "Gumularz, Szymon"]
[Result "1/2-1/2"]
[WhiteTitle "I"]
[BlackTitle "I+"]
[WhiteElo "1729"]
[BlackElo "1903"]

1. d4 d5 2. c4 e6 3. Nc3 Bb4 4. e3 Nf6 5. Nf3 O-O 6. Bd3 c5 7. O-O cxd4 8. exd4
dxc4 9. Bxc4 Nbd7 10. Bg5 h6 11. Bh4 Nb6 12. Bd3 Be7 13. Rc1 Nfd5 14. Bg3 Bd7
15. Ne5 Bg5 16. Rb1 f5 17. Nxd7 Qxd7 18. Be5 Bf6 19. Re1 Bxe5 20. Rxe5 Rad8 21.
Nxd5 Nxd5 22. Bc4 Rfe8 23. Qb3 a6 24. Rbe1 Kh7 25. g3 Nc7 26. Bxe6 Nxe6 27. Rxe6
Rxe6 28. Rxe6 Qxd4 29. Qxb7 Qc4 30. Re1 Qxa2 31. Qb4 Qd5 32. Qc3 Qd4 33. Qxd4
Rxd4 34. Ra1 Rb4 35. Rxa6 Rxb2 36. Kg2 Rb3 37. Rc6 Ra3 38. Rb6 Rc3 39. Ra6 Rb3
40. Rc6 Ra3 41. Rb6 1/2-1/2

[Event "Ogolnopolska Olimpiada Mlodziezy w Sportach Umyslowych - C12"]
[Site "Walbrzych, Zamek Ksiaz"]
[Date "2013-04-18"]
[Round "6.2"]
[White "Psyk, Radoslaw"]
[Black "Szpar, Milosz"]
[Result "1/2-1/2"]
[WhiteTitle "I"]
[BlackTitle "I"]
[WhiteElo "1782"]
[BlackElo "1717"]

1. e4 c5 2. f4 Nc6 3. Nf3 g6 4. Nc3 Bg7 5. Bc4 e6 6. e5 Nge7 7. Ne4 O-O 8. Nxc5
d6 9. Nd3 dxe5 10. Ndxe5 Nf5 11. Nxc6 bxc6 12. O-O Qb6+ 13. Kh1 Bb7 14. Ne5 Rad8
15. d3 h5 16. Qe1 Bf6 17. Bd2 Qd4 18. Ba5 Rb8 19. Bc7 Rbc8 20. c3 Qe3 21. Nd7
Rxc7 22. Nxf6+ Kg7 23. Ne4 Qxe1 24. Rfxe1 c5 25. Kg1 Rb8 26. Ng5 Bd5 27. Bxd5
exd5 28. Re2 d4 29. Ne4 c4 30. dxc4 dxc3 31. Nxc3 Rxc4 32. g3 h4 33. Kg2 hxg3
34. hxg3 Rd4 35. Rd1 Rxd1 36. Nxd1 Rd8 37. Nf2 Rd7 38. b4 Rd4 39. Rb2 Ne3+ 40.
Kf3 Nd5 41. a3 Rc4 42. Rb3 Kf6 43. Ne4+ Ke6 44. Rd3 Nb6 45. g4 Ke7 46. Rc3 f5
47. gxf5 gxf5 48. Rxc4 Nxc4 49. Ng3 Nxa3 50. Nxf5+ Ke6 51. Ne3 Nb5 52. f5+ Ke5
53. Ke2 Nd4+ 54. Kd3 Nxf5 55. Nxf5 Kxf5 56. Kc4 Ke5 57. Kc5 Ke4 58. Kc4 Ke5 59.
Kc5 Ke4 60. b5 Ke5 1/2-1/2

[Event "Ogolnopolska Olimpiada Mlodziezy w Sportach Umyslowych - C12"]
[Site "Walbrzych, Zamek Ksiaz"]
[Date "2013-04-18"]
[Round "6.3"]
[White "Kosakowski, Jakub"]
[Black "Posluszny, Tomasz"]
[Result "1-0"]
[WhiteTitle "I"]
[BlackTitle "II"]
[WhiteElo "1754"]
[BlackElo "1516"]

1. e4 e5 2. Nf3 Nc6 3. Bb5 a6 4. Ba4 Nf6 5. O-O b5 6. Bb3 Be7 7. Re1 d6 8. c3 Bg4
9. d3 O-O 10. Nbd2 Na5 11. Bc2 c5 12. h3 Bh5 13. Nf1 Nd7 14. Ng3 Bg6 15. Qe2 Nc6
16. Nh2 Rc8 17. Ng4 Nf6 18. Ne3 b4 19. Nef5 Re8 20. Bd2 a5 21. Ba4 Bf8 22. Rac1
bxc3 23. Bxc3 Re6 24. Qd2 Nh5 25. Nxh5 Bxh5 26. Ng3 Bg6 27. Bxc6 Rxc6 28. Bxa5
Qa8 29. a3 Qb7 30. Bc3 Be7 31. Rb1 Qb3 32. Ne2 h6 33. Nc1 Qb5 34. b3 Bg5 35. Qe2
f5 36. a4 Qa6 37. Na2 fxe4 38. dxe4 Qxe2 39. Rxe2 Rf6 40. f3 Bf4 41. Be1 Ra6 42.
g3 Bg5 43. h4 Bxh4 44. gxh4 Rxf3 45. Nc3 Ra8 46. Rf2 Rg3+ 47. Rg2 Rxc3 48. Rxg6
Re3 49. Rxd6 Rxe4 50. a5 Rg4+ 51. Kh2 e4 52. Rbd1 Kh7 53. Rd8 Ra6 54. R1d6 Ra7
55. a6 Rf4 56. R8d7 Ra8 57. a7 Rff8 58. Bd2 h5 59. Be3 Rfc8 60. Rd5 c4 61. bxc4
Kg6 62. Bd4 Kh7 63. Rxg7+ Kh8 64. Rxh5+ 1-0

[Event "Ogolnopolska Olimpiada Mlodziezy w Sportach Umyslowych - C12"]
[Site "Walbrzych, Zamek Ksiaz"]
[Date "2013-04-18"]
[Round "6.5"]
[White "Garbowski, Jakub"]
[Black "Woloch, Oskar"]
[Result "1/2-1/2"]
[WhiteTitle "II+"]
[BlackTitle "II"]
[WhiteElo "1687"]
[BlackElo "1706"]

1. e4 e5 2. Nf3 Nc6 3. Bb5 f5 4. Nc3 fxe4 5. Nxe4 d5 6. Nxe5 dxe4 7. Nxc6 Qg5 8.
Qe2 Nf6 9. f4 Qxf4 10. d4 Qh4+ 11. g3 Qh3 12. Ne5+ c6 13. Bc4 Be6 14. Bf4 O-O-O
15. O-O-O Bd6 16. Kb1 Rhe8 17. c3 Kb8 18. Rdf1 Bd5 19. Bxd5 cxd5 20. Nf7 Bxf4
21. Nxd8 Bc7 22. Nf7 h6 23. Qf2 Qh5 24. Ne5 Bxe5 25. dxe5 Qxe5 26. Qf4 Kc7 27.
Kc2 Kc6 28. Qe3 b6 29. h3 Rd8 30. g4 d4 31. cxd4 Qxd4 32. Qxd4 Rxd4 33. Rd1 Kc5
34. Rhf1 e3 35. Rf5+ Nd5 36. b4+ Kc4 37. a3 Nc3 38. Rxd4+ Kxd4 39. Rf8 Ne4 40.
Rd8+ Kc4 41. Re8 Kd4 42. Rd8+ Kc4 1/2-1/2

[Event "Ogolnopolska Olimpiada Mlodziezy w Sportach Umyslowych - C12"]
[Site "Walbrzych, Zamek Ksiaz"]
[Date "2013-04-18"]
[Round "6.6"]
[White "Kowalski, Igor"]
[Black "Ochowicz, Jakub"]
[Result "1-0"]
[WhiteTitle "I"]
[BlackTitle "II"]
[WhiteElo "1824"]
[BlackElo "1597"]

1. e4 c5 2. Nf3 d6 3. d4 cxd4 4. Nxd4 Nf6 5. Nc3 Nc6 6. f3 e5 7. Nb3 Be7 8. Be3
O-O 9. Qd2 a6 10. g4 Be6 11. O-O-O b5 12. Kb1 Nd7 13. Nd5 Bxd5 14. exd5 Ncb8 15.
g5 Nb6 16. Na5 Qc7 17. h4 Nc4 18. Nxc4 bxc4 19. c3 Nd7 20. h5 g6 21. Qh2 Rfb8
22. hxg6 Nf8 23. gxh7+ Kh8 24. f4 a5 25. Rd2 a4 26. a3 Ra5 27. f5 Rab5 28. f6
Bd8 29. Qh6 Rxb2+ 30. Rxb2 Rxb2+ 31. Kxb2 Qb7+ 32. Ka1 1-0

[Event "Ogolnopolska Olimpiada Mlodziezy w Sportach Umyslowych - C12"]
[Site "Walbrzych, Zamek Ksiaz"]
[Date "2013-04-18"]
[Round "6.7"]
[White "Poplawski, Maciej"]
[Black "Pultorak, Jan"]
[Result "0-1"]
[WhiteTitle "II"]
[BlackTitle "I"]
[WhiteElo "1605"]
[BlackElo "1803"]

1. d4 Nf6 2. Nf3 e6 3. c4 b6 4. Bg5 Bb7 5. Nc3 h6 6. Bh4 Bb4 7. e3 O-O 8. Bd3 d6
9. O-O Bxc3 10. bxc3 Nbd7 11. Qe2 e5 12. e4 Re8 13. d5 g5 14. Bg3 Nh5 15. Nd2
Nf4 16. Bxf4 exf4 17. Nf3 Qf6 18. Nd4 Ne5 19. f3 Bc8 20. g4 Qg6 21. Rae1 Kg7 22.
Bc2 Bd7 23. Bb3 Rh8 24. Nf5+ Bxf5 25. exf5 Qf6 26. Kg2 h5 27. h3 hxg4 28. hxg4
Rh4 29. Rh1 Rxg4+ 30. fxg4 f3+ 31. Qxf3 Nxf3 32. Kxf3 Qxc3+ 33. Re3 Qd4 34. Re4
Qf6 35. Rhe1 Qh6 36. Ke3 Qf6 37. Kf3 Rh8 38. Ke2 Qc3 39. Re3 Rh2+ 40. Kf3 Qd4
41. f6+ Qxf6+ 42. Ke4 Rd2 43. Rf1 Rd4+ 0-1

[Event "Ogolnopolska Olimpiada Mlodziezy w Sportach Umyslowych - C12"]
[Site "Walbrzych, Zamek Ksiaz"]
[Date "2013-04-18"]
[Round "6.8"]
[White "Kawaler, Adam"]
[Black "Lis, Mateusz"]
[Result "1/2-1/2"]
[WhiteTitle "II+"]
[BlackTitle "II+"]
[WhiteElo "1633"]
[BlackElo "1687"]

1. d4 Nf6 2. c4 g6 3. Nc3 Bg7 4. Nf3 d6 5. Bg5 Nbd7 6. Qc2 O-O 7. e3 h6 8. Bh4
Re8 9. Be2 a5 10. Rd1 g5 11. Bg3 Nh5 12. O-O Nxg3 13. hxg3 e5 14. d5 Rf8 15. g4
Nc5 16. Nh2 f5 17. gxf5 Bxf5 18. e4 Bg6 19. f3 h5 20. g4 hxg4 21. fxg4 Rf4 22.
Bf3 Qe7 23. b3 Raf8 24. a3 b6 25. b4 axb4 26. axb4 Na6 27. Qa4 Nb8 28. Qa7 Qd8
29. Qa8 R4f7 30. Ra1 Nd7 31. Qxd8 Rxd8 32. Ra7 Nf6 33. Rfa1 Rc8 34. Ra8 Rff8 35.
Rxc8 Rxc8 36. Ra6 Kf7 37. Nf1 Ke7 38. Ng3 Kd7 39. Ra7 Bf8 40. Kf2 Be7 41. Ke3
Bd8 1/2-1/2

[Event "Ogolnopolska Olimpiada Mlodziezy w Sportach Umyslowych - C12"]
[Site "Walbrzych, Zamek Ksiaz"]
[Date "2013-04-18"]
[Round "6.9"]
[White "Wyczling, Bartosz"]
[Black "Sernecki, Franciszek"]
[Result "0-1"]
[WhiteTitle "II+"]
[BlackTitle "II+"]
[WhiteElo "1704"]
[BlackElo "1696"]

1. d4 d5 2. c4 e6 3. Nc3 c5 4. cxd5 exd5 5. Nf3 Nc6 6. g3 Nf6 7. Bg2 Be7 8. O-O
O-O 9. Bg5 c4 10. b3 h6 11. Bxf6 Bxf6 12. bxc4 dxc4 13. e3 Bf5 14. e4 Bg4 15.
e5 Be7 16. Ne2 Qd7 17. Qc2 Rac8 18. a3 Bxf3 19. Bxf3 Nxd4 20. Nxd4 Qxd4 21. Bxb7
Rc7 22. Rad1 Qxe5 23. Rfe1 Qc5 24. Bd5 Qxa3 25. Bxc4 Rfc8 26. Qe4 Bb4 27. Ra1
Rxc4 28. Qb7 Qc3 29. Red1 R4c7 30. Qd5 a5 31. h4 Qc5 32. Qf3 Qc6 33. Qe2 Qc2 34.
Qf3 Qc3 35. Qe2 Qc2 36. Qf3 a4 37. Rd3 a3 38. g4 a2 39. Rad1 Qb1 40. g5 a1=Q 41.
gxh6 Qxd1+ 42. Rxd1 Qxd1+ 43. Qxd1 Rc1 0-1

[Event "Ogolnopolska Olimpiada Mlodziezy w Sportach Umyslowych - C12"]
[Site "Walbrzych, Zamek Ksiaz"]
[Date "2013-04-18"]
[Round "6.10"]
[White "Blocinski, Maciej"]
[Black "Szymanowski, Igor"]
[Result "1/2-1/2"]
[WhiteTitle "II+"]
[BlackTitle "II"]
[WhiteElo "1444"]
[BlackElo "1654"]

1. d4 Nf6 2. c4 g6 3. Nc3 Bg7 4. e4 d6 5. f4 c5 6. d5 O-O 7. Nf3 e6 8. Be2 exd5
9. cxd5 Re8 10. Qc2 Na6 11. O-O Nb4 12. Qb1 Nfxd5 13. Nxd5 Nxd5 14. Bb5 Nf6 15.
Bxe8 Qxe8 16. Re1 Qc6 17. Qc2 b5 18. e5 dxe5 19. Nxe5 Qc7 20. Be3 c4 21. Rad1
Bf5 22. Qd2 Ng4 23. Qd5 Rb8 24. Bc5 Bxe5 25. fxe5 Re8 26. h3 Nh6 27. Be3 Kg7 28.
Qd2 Ng8 29. Bd4 Re6 30. Bc3 Bd3 31. Bb4 Ne7 32. Qe3 a5 33. Bd6 Qd7 34. Qc5 Nf5
35. Qc7 Qxc7 36. Bxc7 Ra6 37. e6 fxe6 38. Re5 Ra7 39. Bb6 Ra6 40. Rxb5 a4 41.
Bc5 Ra8 42. g4 Ng3 43. Rb7+ Kg8 44. Kh2 Nf1+ 45. Kg1 Ng3 46. Kh2 Nf1+ 1/2-1/2

[Event "Ogolnopolska Olimpiada Mlodziezy w Sportach Umyslowych - C12"]
[Site "Walbrzych, Zamek Ksiaz"]
[Date "2013-04-18"]
[Round "6.11"]
[White "Pytel, Maciej"]
[Black "Mendak, Mateusz"]
[Result "1-0"]
[WhiteTitle "II"]
[BlackTitle "II"]
[WhiteElo "1616"]
[BlackElo "1565"]

1. e4 c5 2. Nf3 e6 3. d4 cxd4 4. Nxd4 Nc6 5. Nb5 d6 6. c4 a6 7. N5a3 Nf6 8. Nc3
Be7 9. Be2 O-O 10. Be3 Qc7 11. O-O b6 12. Rc1 Bb7 13. f3 Rab8 14. Qd2 Ba8 15.
Rfd1 Rfd8 16. Nd5 Qa7 17. Nxe7+ Qxe7 18. Nc2 d5 19. exd5 exd5 20. Qc3 d4 21. Nxd4
Nxd4 22. Rxd4 Rxd4 23. Qxd4 Re8 24. Kf2 Nd7 25. Rd1 Nc5 26. b4 Na4 27. a3 a5 28.
bxa5 bxa5 29. Rd3 Bc6 30. Qd6 Qh4+ 31. Kf1 Qxc4 32. Qd4 Qe6 33. Qg4 Qxg4 34. fxg4
h6 35. Kf2 Kf8 36. g3 Ke7 37. Bd2 Ra8 38. Bf3 Bxf3 39. Kxf3 Nc5 40. Rc3 Kd6 41.
Bf4+ Kd5 42. Be3 Ne6 43. Rb3 a4 44. Rb7 f6 45. Ke2 Ra6 46. Kd3 Kc6 47. Rb4 Nc7
48. Rc4+ Kd7 49. Bf4 Nb5 50. Rb4 Kc6 51. Bc1 Ra7 52. Rc4+ Kd5 53. Be3 Ra6 54.
Rc5+ Kd6 55. Rxb5 1-0

[Event "Ogolnopolska Olimpiada Mlodziezy w Sportach Umyslowych - C12"]
[Site "Walbrzych, Zamek Ksiaz"]
[Date "2013-04-18"]
[Round "6.12"]
[White "Majocha, Piotr"]
[Black "Tustanowski, Mateusz"]
[Result "0-1"]
[WhiteTitle "II"]
[BlackTitle "II+"]
[WhiteElo "1503"]
[BlackElo "1602"]

1. d4 Nf6 2. g3 d5 3. Bg2 Bf5 4. c4 c6 5. cxd5 cxd5 6. Nc3 e6 7. Nh3 Nc6 8. a3
Bd6 9. Ng5 O-O 10. O-O Qb6 11. Nf3 Na5 12. b4 Nc4 13. Na4 Qb5 14. Nd2 Rac8 15.
Nc3 Qd7 16. Nxc4 Rxc4 17. Bb2 Rfc8 18. Qd2 Qc6 19. Rac1 h6 20. Rfe1 b5 21. e3
a5 22. bxa5 b4 23. Nb1 Bxb1 24. Rxc4 Qxc4 25. Rxb1 bxa3 26. Ba1 a2 27. Rd1 Bb4
28. Qb2 Bxa5 29. Bf1 Qc2 30. Qxc2 Rxc2 31. Bd3 Rd2 32. Rxd2 Bxd2 33. Bc2 Ne4 34.
Bxe4 dxe4 35. Kf1 Kf8 36. Ke2 Ba5 37. f3 f5 38. fxe4 fxe4 39. Kd1 h5 40. Kc2 g5
41. h3 g4 42. hxg4 hxg4 43. Kd1 Ke7 44. Ke2 Kd6 45. Kf1 Kd5 46. Kf2 Kc4 47. Ke2
Bc3 48. Bxc3 Kxc3 49. Kf2 Kd2 50. Kf1 a1=Q+ 51. Kf2 Qe1+ 52. Kg2 Ke2 53. Kh2 Kf2
54. d5 Qg1+ 0-1

[Event "Ogolnopolska Olimpiada Mlodziezy w Sportach Umyslowych - C12"]
[Site "Walbrzych, Zamek Ksiaz"]
[Date "2013-04-18"]
[Round "6.13"]
[White "Paliszewski, Dominik"]
[Black "Laszczak, Przemyslaw"]
[Result "1-0"]
[WhiteTitle "II"]
[BlackTitle "II+"]
[WhiteElo "1600"]
[BlackElo "1506"]

1. e4 e6 2. d4 d5 3. e5 c5 4. c3 Nc6 5. Nf3 Qb6 6. Be2 cxd4 7. cxd4 Nge7 8. Na3
Nf5 9. Nc2 Bd7 10. O-O Be7 11. a3 a5 12. Rb1 Rc8 13. Be3 O-O 14. g4 Nh4 15. Nxh4
Bxh4 16. f4 Qb3 17. Bd3 Na7 18. Na1 Qxd1 19. Rbxd1 Bb5 20. Bxb5 Nxb5 21. a4 Na7
22. Rc1 Be7 23. f5 Rxc1 24. Rxc1 Rc8 25. Nb3 b6 26. Kf2 Kf8 27. Ke2 Ke8 28. Kd3
Nc6 29. Bd2 Bb4 30. Bc3 Ke7 31. h4 h5 32. fxe6 Kxe6 33. g5 Bxc3 34. bxc3 Ne7 35.
Nd2 Nf5 36. Rh1 g6 37. Rh3 Rc7 38. Rf3 Nxh4 39. Rf6+ Ke7 40. Rxb6 Ng2 41. Rb5
h4 42. Rxa5 h3 43. Nf1 Rc8 44. Rb5 Rh8 45. Rb7+ Ke6 46. Nh2 Rh5 47. a5 Rxg5 48.
a6 Rg3+ 49. Kd2 Nf4 50. a7 Rg2+ 51. Ke3 Ra2 52. Kxf4 Ra3 53. Nf3 f6 54. exf6 Kxf6
55. Ng5 Rxa7 56. Rxa7 h2 57. Rf7+ 1-0

[Event "Ogolnopolska Olimpiada Mlodziezy w Sportach Umyslowych - C12"]
[Site "Walbrzych, Zamek Ksiaz"]
[Date "2013-04-18"]
[Round "6.14"]
[White "Zolkiewski, Jakub"]
[Black "Dabrowski, Damian"]
[Result "1-0"]
[WhiteTitle "II"]
[BlackTitle "II"]
[WhiteElo "1489"]
[BlackElo "1589"]

1. d4 Nf6 2. c4 c5 3. e3 g6 4. b3 Bg7 5. Bb2 O-O 6. Nf3 cxd4 7. exd4 d5 8. Be2
Nc6 9. O-O dxc4 10. Bxc4 Na5 11. Nbd2 Nxc4 12. Nxc4 Nd5 13. Qd2 Be6 14. Rfe1 Rc8
15. Rac1 Bg4 16. Nce5 Bxf3 17. Nxf3 Qd6 18. Ne5 b5 19. h3 e6 20. a3 Rfd8 21. Red1
a6 22. Rxc8 Rxc8 23. Rc1 Rc7 24. Rxc7 Qxc7 25. Qc1 Qxc1+ 26. Bxc1 Bxe5 27. dxe5
Kf8 28. Kf1 Ke7 29. g3 a5 30. Bd2 b4 31. axb4 axb4 32. Ke2 Kd7 33. Kd3 Kc6 34.
Kc4 Nb6+ 35. Kxb4 Kd5 36. Kb5 Nd7 37. Bf4 g5 38. Bxg5 Nxe5 39. Be3 f5 40. b4 Ke4
41. Ka6 Kd5 42. b5 Nd7 43. b6 Kc6 44. Ka7 e5 45. b7 Kd5 46. b8=Q Nxb8 47. Kxb8
Ke4 48. Kc7 Kf3 49. Kd6 f4 50. gxf4 exf4 51. Bb6 Kg2 52. Ke5 Kxh3 53. Kxf4 h5
54. Kg5 h4 55. f4 Kg3 56. f5 h3 57. Bc7+ Kg2 58. f6 h2 59. Bxh2 Kxh2 60. f7 1-0

[Event "Ogolnopolska Olimpiada Mlodziezy w Sportach Umyslowych - C12"]
[Site "Walbrzych, Zamek Ksiaz"]
[Date "2013-04-18"]
[Round "6.15"]
[White "Kubiak, Jakub"]
[Black "Raczynski, Krzysztof"]
[Result "1-0"]
[WhiteTitle "II+"]
[BlackTitle "II+"]
[WhiteElo "1492"]
[BlackElo "1593"]

1. e4 c5 2. Nf3 d6 3. d4 cxd4 4. Nxd4 Nf6 5. Nc3 a6 6. f3 e6 7. Be3 b5 8. Qd2 Nbd7
9. O-O-O Bb7 10. g4 Nb6 11. g5 Nfd7 12. Kb1 Qc7 13. Rc1 Ne5 14. h4 Nec4 15. Bxc4
Nxc4 16. Qf2 Be7 17. h5 O-O-O 18. Rhg1 g6 19. hxg6 hxg6 20. Rh1 Kb8 21. Rh6 Rc8
22. Nce2 Ka8 23. c3 d5 24. Rch1 Rhe8 25. exd5 Bxd5 26. Bc1 Bd6 27. R1h3 Qa5 28.
Nb3 Qc7 29. Ng3 Qb7 30. Ne2 Ne5 31. Ned4 Qc7 32. Qe3 Rb8 33. Qe2 Nc4 34. Nd2 Qa5
35. N4b3 Qc7 36. Ne4 Be5 37. Nec5 Rb6 38. Nd3 Bd6 39. Nf2 a5 40. Ng4 Rd8 41. Nf6
Bb7 42. Rh8 Rxh8 43. Rxh8+ Ka7 44. Nd2 Nxd2+ 45. Bxd2 Bf4 46. Ne8 Qb8 47. Be1
Bc6 48. Bf2 Bxe8 49. Bxb6+ Kxb6 50. Qf2+ Ka6 51. Qc5 Bd6 52. Rxe8 Qxe8 53. Qxd6+
Kb7 54. Kc2 Qc6 55. Qxc6+ Kxc6 56. Kd3 Kd5 57. b3 e5 58. c4+ bxc4+ 59. bxc4+ Kc5
60. Ke4 Kxc4 61. Kxe5 a4 62. Kf6 a3 63. Kxf7 Kc3 64. Kxg6 Kb2 65. Kh7 Kxa2 66.
g6 Kb1 67. g7 a2 68. g8=Q a1=Q 69. Qg1+ 1-0

[Event "Ogolnopolska Olimpiada Mlodziezy w Sportach Umyslowych - C12"]
[Site "Walbrzych, Zamek Ksiaz"]
[Date "2013-04-18"]
[Round "6.17"]
[White "Pacan-milej, Kosma"]
[Black "Krawczyk, Piotr"]
[Result "0-1"]
[WhiteTitle "II"]
[BlackTitle "II"]
[WhiteElo "1257"]
[BlackElo "1439"]

1. d4 Nf6 2. c4 c5 3. Nf3 g6 4. Nc3 Bg7 5. e3 O-O 6. Bd3 d6 7. O-O Nbd7 8. Qc2
b6 9. Re1 Bb7 10. d5 e5 11. e4 Qe7 12. Rf1 Nh5 13. Ne2 Rab8 14. Ne1 Bc8 15. f4
exf4 16. Nxf4 Nxf4 17. Bxf4 Ne5 18. Bxe5 Qxe5 19. Rb1 a6 20. Nf3 Qe7 21. b4 Bd7
22. bxc5 bxc5 23. Qd2 Bg4 24. Qa5 Bxf3 25. Rxf3 Rxb1+ 26. Bxb1 Rb8 27. Rb3 Rxb3
28. axb3 Bd4+ 29. Kh1 Qh4 30. Qd2 Be5 31. g3 Bxg3 32. Qg2 Be5 33. Qe2 Qf4 34.
Bc2 Bd4 35. Qe1 Qf3# 0-1

[Event "Ogolnopolska Olimpiada Mlodziezy w Sportach Umyslowych - C12"]
[Site "Walbrzych, Zamek Ksiaz"]
[Date "2013-04-18"]
[Round "6.18"]
[White "Wierzbicki, Michal"]
[Black "Twardowski, Hubert"]
[Result "1-0"]
[WhiteTitle "II"]
[BlackTitle "II"]
[WhiteElo "1405"]
[BlackElo "1353"]

1. d4 d5 2. Nf3 Nf6 3. c4 e6 4. Nc3 Be7 5. Bf4 a6 6. a4 Bb4 7. e3 Ne4 8. Qc2 g5
9. Bg3 h5 10. h4 g4 11. Ne5 Nxg3 12. fxg3 Nd7 13. Bd3 Nxe5 14. dxe5 d4 15. O-O
dxc3 16. Rad1 Bd7 17. Bg6 Rf8 18. Bxf7+ Ke7 19. Qg6 Rg8 20. Qf6+ Kf8 21. Qh6+
Ke7 22. Qh7 Qe8 23. Bxe8+ 1-0

[Event "Ogolnopolska Olimpiada Mlodziezy w Sportach Umyslowych - C12"]
[Site "Walbrzych, Zamek Ksiaz"]
[Date "2013-04-18"]
[Round "6.19"]
[White "Rak, Maciej"]
[Black "Ryk, Mikolaj"]
[Result "1-0"]
[WhiteTitle "III"]
[BlackTitle "II"]
[WhiteElo "1352"]
[BlackElo "1555"]

1. e4 c5 2. f4 d6 3. Nf3 Nc6 4. Nc3 g6 5. g3 Bg7 6. Bg2 e6 7. O-O c4 8. Kh1 a6
9. d4 Nge7 10. Ne2 O-O 11. c3 d5 12. e5 b5 13. Bd2 Bd7 14. g4 Qb6 15. Qe1 a5 16.
Qh4 h6 17. Ng3 Qd8 18. f5 exf5 19. Bxh6 fxg4 20. Bxg7 Kxg7 21. Ng5 Rh8 22. Rxf7+
Kg8 23. Rh7 Kf8 24. Rxh8+ Ng8 25. Rxg8+ 1-0

[Event "Ogolnopolska Olimpiada Mlodziezy w Sportach Umyslowych - C12"]
[Site "Walbrzych, Zamek Ksiaz"]
[Date "2013-04-18"]
[Round "6.20"]
[White "Pijewski, Milosz"]
[Black "Topolan, Pawel"]
[Result "1-0"]
[WhiteTitle "II"]
[BlackTitle "II"]
[WhiteElo "1516"]
[BlackElo "1432"]

1. d4 d5 2. c4 Nc6 3. e3 Nf6 4. Nc3 e6 5. Nf3 Bb4 6. a3 Be7 7. b4 b6 8. c5 O-O
9. Bd2 a6 10. Be2 Bb7 11. O-O Nd7 12. Rb1 Bf6 13. a4 Na7 14. Na2 Rc8 15. Qc2 c6
16. cxb6 Qxb6 17. a5 Qd8 18. Nc3 Nb5 19. Na4 Na3 20. Qb3 Nxb1 21. Rxb1 e5 22.
dxe5 Nxe5 23. Nxe5 Bxe5 24. Nc5 Qe7 25. Nxa6 Bxa6 26. Bxa6 Ra8 27. Bd3 Bd6 28.
b5 cxb5 29. Bxb5 Rfd8 30. Qd3 Qe4 31. a6 Qxd3 32. Bxd3 Bc5 33. g3 d4 34. e4 Rab8
35. Rc1 Rdc8 36. Bf4 Ra8 37. Rb1 h6 38. Rb7 Ba7 39. Kf1 Bb8 40. Bd2 Ra7 41. Rb4
Rd8 42. f4 Rc7 43. Ke2 Ba7 44. f5 Rb8 45. Rxb8+ Bxb8 46. Bf4 Rc8 47. Bxb8 Rxb8
48. Bc4 Kf8 49. Bd5 d3+ 50. Kxd3 Rd8 51. a7 g6 52. fxg6 fxg6 1-0